ბათუმის შოთა რუსთაველის სახელმწიფო უნივერსიტეტის ბიბლიოთეკა

Theory of dimensions, finite and infinite / (ბიბ.ჩანაწერი № 57519)

000 -LEADER
fixed length control field 01466nam a2200385 a 4500
001 - CONTROL NUMBER
control field 1644999
005 - DATE AND TIME OF LATEST TRANSACTION
control field 20200701144446.0
008 - FIXED-LENGTH DATA ELEMENTS--GENERAL INFORMATION
fixed length control field 961011s1995 gw a b 001 0 eng d
010 ## - LIBRARY OF CONGRESS CONTROL NUMBER
LC control number 96181184
020 ## - INTERNATIONAL STANDARD BOOK NUMBER
International Standard Book Number 3885380102
035 ## - SYSTEM CONTROL NUMBER
System control number (NjP)notisCBZ5111
035 ## - SYSTEM CONTROL NUMBER
System control number (CStRLIN)NJPG95-B76476
040 ## - CATALOGING SOURCE
Original cataloging agency NjP
Transcribing agency NjP
Modifying agency DLC
041 ## - LANGUAGE CODE
Language code of text/sound track or separate title eng
042 ## - AUTHENTICATION CODE
Authentication code lccopycat
050 00 - LIBRARY OF CONGRESS CALL NUMBER
Classification number QA611.3
Item number .E538 1995
080 ## - UNIVERSAL DECIMAL CLASSIFICATION NUMBER
Universal Decimal Classification number 515.122 E-55
082 00 - DEWEY DECIMAL CLASSIFICATION NUMBER
Classification number 514/.3
Edition number 21
100 1# - MAIN ENTRY--PERSONAL NAME
Personal name Engelking, Ryszard.
9 (RLIN) 8964
245 10 - TITLE STATEMENT
Title Theory of dimensions, finite and infinite /
Statement of responsibility, etc. Ryszard Engelking.
260 ## - PUBLICATION, DISTRIBUTION, ETC.
Place of publication, distribution, etc. Lemgo, Germany :
Name of publisher, distributor, etc. Heldermann,
Date of publication, distribution, etc. c1995.
300 ## - PHYSICAL DESCRIPTION
Extent viii, 401 p. :
Other physical details ill. ;
Dimensions 25 cm.
490 1# - SERIES STATEMENT
Series statement Sigma series in pure mathematics ;
Volume/sequential designation v. 10
500 ## - GENERAL NOTE
General note "A revised and completed ed. of ... Dimension theory published in 1978"--P. viii.
504 ## - BIBLIOGRAPHY, ETC. NOTE
Bibliography, etc. note Includes bibliographical references (p. [365]-392) and indexes.
650 #0 - SUBJECT ADDED ENTRY--TOPICAL TERM
Topical term or geographic name entry element Topological spaces.
9 (RLIN) 6898
650 #0 - SUBJECT ADDED ENTRY--TOPICAL TERM
Topical term or geographic name entry element Dimension theory (Topology)
9 (RLIN) 8965
653 ## - INDEX TERM--UNCONTROLLED
keyword ზომების თეორია, სასრული და უსასრულო
653 ## - INDEX TERM--UNCONTROLLED
keyword მათემატიკა
700 1# - ADDED ENTRY--PERSONAL NAME
Personal name Engelking, Ryszard.
Title of a work Dimension theory.
9 (RLIN) 8966
830 #0 - SERIES ADDED ENTRY--UNIFORM TITLE
Uniform title Sigma series in pure mathematics ;
Volume/sequential designation 10.
9 (RLIN) 8967
906 ## - LOCAL DATA ELEMENT F, LDF (RLIN)
a 7
b cbc
c copycat
d 3
e ncip
f 19
g y-gencatlg
942 ## - ADDED ENTRY ELEMENTS (KOHA)
Source of classification or shelving scheme
Koha item type წიგნი
ეგზემპლარები
Withdrawn status Lost status Source of classification or shelving scheme Damaged status Not for loan Permanent Location Current Location Shelving location Date acquired Cost, normal purchase price Full call number Barcode Date last seen Copy number Price effective from Koha item type Public note
          ბათუმის შოთა რუსთაველის სახელმწიფო უნივერსიტეტის მთავარი ბიბლიოთეკა ბათუმის შოთა რუსთაველის სახელმწიფო უნივერსიტეტის მთავარი ბიბლიოთეკა წიგნსაცავი 2020-07-01 345.00 515.122 E-55 60719 2020-07-01 60719 2020-07-01 წიგნი 345 ლ.